ROTY NBA Quiz! - Statystyki

Ogólne statystyki
  • Ten quiz został rozwiązany 93 razy
  • Średni wynik to 7 z 15
Statystyki odpowiedzi
Hint Odpowiedź % Poprawnych
2023/24 Victor Wembanyama
94%
2022/23 Paolo Banchero
73%
2019/20 Ja Morant
64%
2020/21 LaMelo Ball
60%
2018/19 Luka Doncić
57%
2017/18 Ben Simmons
56%
2015/16 Karl-Anthony Towns
53%
2011/12 Kyrie Irving
53%
2010/11 Blake Griffin
43%
2014/15 Andrew Wiggins
41%
2021/22 Scottie Barnes
38%
2013/14 Michael Carter-Williams
35%
2012/13 Damian Lillard
33%
2016/17 Malcolm Brogdon
17%
2009/10 Tyreke Evans
9%
Nie znaleziono quizów pasujących do podanych kryteriów
Rozkład punktacji
Procent ludzi z każdym wynikiem
Percentyl według liczby udzielonych odpowiedzi
Twoja historia wyników
Nie rozwiązałeś tego quizu